2026 FİFA Dünya Kubokunun iştirakçıları - Statistics

General Stats
  • This quiz has been taken 10 times
  • The average score is 29 of 48
Answers on the Map
Answers color-coded by a green-red scale on the quiz's map according to % correct below.
 
Answer Stats
Ölkə % Correct
ABŞ
100%
Argentina
100%
Braziliya
100%
Əlcəzair
100%
Fransa
100%
İspaniya
100%
Mərakeş
100%
Portuqaliya
100%
Türkiyə
100%
Yaponiya
100%
Almaniya
75%
Avstraliya
75%
Avstriya
75%
Bosniya & Herseqovina
75%
CAR
75%
Cənubi Koreya
75%
İngiltərə
75%
İran
75%
İsveç
75%
Kanada
75%
Meksika
75%
Misir
75%
Norveç
75%
Özbəkistan
75%
Uruqvay
75%
Yeni Zelandiya
75%
Belçika
50%
Ekvador
50%
İordaniya
50%
İsveçrə
50%
Paraqvay
50%
Qətər
50%
Seneqal
50%
Şotlandiya
50%
Xorvatiya
50%
Çexiya
25%
Haiti
25%
İraq
25%
Kabo-Verde
25%
Kolumbiya
25%
Konqo DR
25%
Kürasao
25%
Niderland
25%
Qana
25%
Səudiyyə Ərəbistanı
25%
Tunis
25%
Kot-d'İvuar
0%
Panama
0%
No matching quizzes found
Score Distribution
Percent of People with Each Score
Percentile by Number Answered
Your Score History
You have not taken this quiz